सोचो और अमीर बनो / (Record no. 48861)

MARC details
000 -LEADER
fixed length control field 01448nam a22002777a 4500
005 - DATE AND TIME OF LATEST TRANSACTION
control field 20090409113643.0
008 - FIXED-LENGTH DATA ELEMENTS--GENERAL INFORMATION
fixed length control field 090305t xxu||||| |||| 00| 0 hin d
010 ## - LCCN (DPL NO)
LC control number HIN-91107
020 ## - INTERNATIONAL STANDARD BOOK NUMBER
International Standard Book Number 9788128826269
Terms of availability 100.00
035 ## - SYSTEM CONTROL NUMBER
System control number HN-63453
037 ## - SOURCE OF ACQUISITION
Source of stock number/acquisition DBAD / PUB
040 ## - CATALOGING SOURCE
Original cataloging agency DPL
Language of cataloging HN
100 ## - MAIN ENTRY--PERSONAL NAME
9 (RLIN) 24400
Personal name नेपोलियन हिल
245 ## - TITLE STATEMENT
Title सोचो और अमीर बनो /
Statement of responsibility, etc नेपोलियन हिल; बी.के.चतुर्वेदी द्वारा अनुदित
246 ## - VARYING FORM OF TITLE
Title proper/short title Socho aur ameer bano
Remainder of title by Napolion Hill
260 ## - PUBLICATION, DISTRIBUTION, ETC. (IMPRINT)
Place of publication, distribution, etc नई दिल्ली
Name of publisher, distributor, etc डायमंड पॉकेट बुक्स
Date of publication, distribution, etc 2010
270 ## - ADDRESS
Address x-30, ओखला इंडस्ट्रियल एरिया, फेज-2
City नई दिल्ली
Telephone number 011- 41611861
Postal code 110020
Fax number 011- 41611866
Electronic mail address sales@dpb.in
300 ## - PHYSICAL DESCRIPTION
Extent 183पृ
Dimensions 22सेमी (अजिल्द)
650 ## - SUBJECT ADDED ENTRY--TOPICAL TERM
9 (RLIN) 24401
650 ## - SUBJECT ADDED ENTRY--TOPICAL TERM
9 (RLIN) 24405
650 ## - SUBJECT ADDED ENTRY--TOPICAL TERM
9 (RLIN) 788
700 ## - ADDED ENTRY--PERSONAL NAME
9 (RLIN) 24404
Personal name चतुर्वेदी, बी.के.
942 ## - ADDED ENTRY ELEMENTS (KOHA)
Institution code [OBSOLETE] dpl
Item type Hindi Books
Source of classification or shelving scheme Dewey Decimal Classification
Call number suffix नेपोलि
Holdings
Withdrawn status Lost status Source of classification or shelving scheme Damaged status Not for loan Collection code Home library Current library Date acquired Source of acquisition Cost, normal purchase price Total Checkouts Full call number Barcode Date last seen Copy number Cost, replacement price Koha item type
    Dewey Decimal Classification   Not For Loan Non-fiction D.B.Act.Division D.B.Act.Division 29/11/2010 DBAD /PUB 100.00   नेपोलि HN-63453 29/11/2010 1 100.00 Hindi Books

© Delhi Public Library
Hit Counter
free hit counter